000
00278nam a2200109Ia 4500
008
220204s9999 xx 000 0 und d
082
_a
338.43.01
_b
STA
245
0
_a
Growing out of poverty
260
_a
Oxford
_b
Oxford University
_c
1977
700
_a
STAMP, Elizabeth
942
_c
BK
999
_c
32012
_d
32012